Normal view
MARC view
- ادارة مدونة - نظام حوسبة
Entry Topical Term
001 - CONTROL NUMBER
- control field: 58284
003 - CONTROL NUMBER IDENTIFIER
- control field: JO-AjAnu
005 - DATE AND TIME OF LATEST TRANSACTION
- control field: 20230606083535.0
008 - FIXED-LENGTH DATA ELEMENTS
- fixed length control field: 230606|| aca||aabn | a|a d
040 ## - CATALOGING SOURCE
- Original cataloging agency: JO-AjAnu
- Transcribing agency: JO-AjAnu
150 ## - HEADING--TOPICAL TERM
- Topical term or geographic name entry element: ادارة مدونة - نظام حوسبة
670 ## - SOURCE DATA FOUND
- Source citation: Work cat.: (JO-AjAnu)29733: اعداد محمد جمال خطاطبة، خديجة جمال خطاطبة؛ اشراف ياسر الشرع ، محمد بني يونس, author 58283, نظام ادارة مدونة = Blogging management system